| 000 | 00512nam a2200193Ia 4500 | ||
|---|---|---|---|
| 008 | 170918s9999 xx 000 0 und d | ||
| 020 | _a310235146 | ||
| 050 | _bP263if 2000 | ||
| 100 | _aParrott, Leslie | ||
| 245 | _aIf you ever needed friends, it's now / | ||
| 245 | _cby Leslie Parrott. | ||
| 260 | _aColorado, Springs : | ||
| 260 | _bZondervan Publishing House, | ||
| 260 | _c2000 | ||
| 300 | _a97 pages : | ||
| 300 | _billustrations ; | ||
| 300 | _c18cm. | ||
| 300 | _eLittle books for busy moms. | ||
| 999 |
_c343743 _d343743 |
||